| 000 | 01629nam a2200349Ii 4500 | ||
|---|---|---|---|
| 001 | ybp302511866sb | ||
| 003 | EG-ScBUE | ||
| 005 | 20250224094836.0 | ||
| 008 | 210228r20232021enka f b 001 0 eng d | ||
| 020 | _z9781350211414 | ||
| 035 | _apqe6767699 | ||
| 040 |
_aEG-ScBUE _beng _erda _cEG-ScBUE _dEG-ScBUE |
||
| 082 | 0 | 4 |
_a701.18 _222 _bFRA |
| 100 | 1 |
_aFrancis, Mary Anne, _eauthor. |
|
| 245 | 1 | 0 |
_aMixed forms of visual culture : _bfrom the cabinet of curiosities to digital diversity / _cMary Anne Francis. |
| 250 | _aReprint edition. | ||
| 264 | 1 |
_aLondon : _bBloomsbury Visual Arts, _c2023. |
|
| 300 |
_a232 pages : _billustrations ; _c20 cm |
||
| 336 |
_atext _2rdacontent _btxt |
||
| 337 |
_aunmediated _2rdamedia _bn |
||
| 338 |
_avolume _2rdacarrier _bnc |
||
| 504 | _aIncludes bibliographical references and index. | ||
| 505 | 0 | _aList of Illustrations -- Introduction: Mixtures of all sorts -- 1. The cabinet of curiosities as mixed-form: depictions and desire -- 2. Mixed-form in working life: the rise of manufacture -- 3. Popular mixed-forms in a long eighteenth century: from the broadside ballad to the chapbook -- 4. Visual essay -- 5. Mixed-form and modernism in the visual arts: assemblage and assembly lines -- 6. Visual essay -- 7. Digital culture as Wunderkammer Conclusion: A synthesis of sorts -- Bibliography | |
| 650 | 7 |
_aSocialism and art. _2BUEsh |
|
| 650 | 7 |
_aMass media and art. _2BUEsh |
|
| 650 | 7 |
_aArt _xPolitical aspects. _2BUEsh |
|
| 653 |
_cFebruary2025 _bART |
||
| 655 | _vReading book | ||
| 776 | 0 | 8 |
_iPrint version: _z9781350211414 |
| 942 |
_2ddc _cBB |
||
| 999 |
_c30919 _d30890 |
||